| 000 -LEADER |
| fixed length control field |
00585nam a2200205Ia 4500 |
| 001 - CONTROL NUMBER |
| control field |
15121 |
| 003 - CONTROL NUMBER IDENTIFIER |
| control field |
GE_BSU |
| 008 - FIXED-LENGTH DATA ELEMENTS--GENERAL INFORMATION |
| fixed length control field |
181216s||||||||xx |||||||||||||| ||und|| |
| 040 ## - CATALOGING SOURCE |
| Transcribing agency |
GE_BSU |
| 100 ## - MAIN ENTRY--PERSONAL NAME |
| Personal name |
Волков,Е,А |
| 245 ## - TITLE STATEMENT |
| Title |
Численные методы |
| 245 ## - TITLE STATEMENT |
| Remainder of title |
Учеб.пособ. для инженерно-технических спец.вузов |
| 245 ## - TITLE STATEMENT |
| Statement of responsibility, etc. |
Ред:В,Викторенкова |
| 260 ## - PUBLICATION, DISTRIBUTION, ETC. |
| Place of publication, distribution, etc. |
Москва |
| 260 ## - PUBLICATION, DISTRIBUTION, ETC. |
| Name of publisher, distributor, etc. |
Наука |
| 260 ## - PUBLICATION, DISTRIBUTION, ETC. |
| Date of publication, distribution, etc. |
1982 |
| 300 ## - PHYSICAL DESCRIPTION |
| Extent |
254стр,20см |
| 653 ## - INDEX TERM--UNCONTROLLED |
| Uncontrolled term |
Численные методы |
| 942 ## - ADDED ENTRY ELEMENTS (KOHA) |
| Koha item type |
წიგნი |